| 000 | 00914nam a22001457a 4500 | ||
|---|---|---|---|
| 005 | 20230725200115.0 | ||
| 008 | 230725b |||||||| |||| 00| 0 eng d | ||
| 020 |
_a9788196167080 _q(hbk) |
||
| 082 | _a346.066 | ||
| 245 |
_aThe reform decade: _bcorporate and commercial law in India / _cEdited by Varottil, Umakanth, Naniwadekar, Mihir and Niranjan, V |
||
| 250 | _aReprinted, 2023 | ||
| 260 |
_aLucknow _bEastern Book Company _c2023 |
||
| 505 | _aList of contributors; Introduction; Table of cases; List of Abbreviations; Part I Company Law; Part II Corporate Governance; Part III Securities Regulation; Part IV Mergers and Acquisitions; Part V Corporate Finance And Banking; Part VI Corporate Insolvency; Part VII Foreign Investment; Part VIII Competition Law; Part IX Law of Contracts, Trusts And Unjust Enrichment; Part X Taxation; Part XI Dispute Resolution; Subject Index. | ||
| 942 |
_2ddc _cBK |
||
| 999 |
_c211975 _d211975 |
||